1875 1012 1068 1462 1763 1923 1964 1121 1123 1299 1344 1327 1515 1291 1531 1804 1057 1331 1715 1403 1264 1584 1514 1859 1058 1335 1860 1375 1526 1937 1054 1461 1558 1238 1586 1750 1968 1078 1038 1117 1094 1500 1115 1328 1541 1697 1006 1707 1951 1837 1586 1387 1920 1033 1402 1054 1604 1451 1429 1360 1045 1565 1215 1616 1215 1703 1039 1354 1554 1917 1539 1453 1526 1863 1683 1926 1279 1780 1762 1661 1849 1779 1453 1847 1520 1964 1735 1202 1320 1216 1287 1732 1632 1061 1907 1371 1086 1644 1282 BCNSPRNW ULIB Ver.6.0+V

เปลี่ยนเป็นภาษาไทย

Change to English
 แสดงรายละเอียดบรรณานุกรม
  กลับหน้าหลัก

Brief Record : Get Marc (ISO 2709) : E-mail record : QR code < ปิดหน้าต่าง
LEADER : 00000nam 2200000uu 4500
001    13399108763
003     ULIB
008    110314s2550||||th 000 0 tha d
020    9748534707
060 04 W21^bพ685ห ล.1 2550
100 0  พินิจ ลิ้มสุคนธ์
245 10 หมอปากหมา. เล่ม 1 /^cพินิจ ลิ้มสุคนธ์
250    พิมพ์ครั้งที่13
260    เชียงใหม่ :^bThe Knowledge Center,^c2550
300    154 หน้า :^bภาพประกอบ ;^c21 ซม.
650  7 การแพทย์^vรวมเรื่อง
650  7 ผู้ป่วย^vรวมเรื่อง
945    ^p135^l0^i025172
995    ทศพร
999 ^a ใช้งานได้ทุกระบบ
รายการนี้ยังไม่มีแท็ก
คุณยังไม่ได้ล็อกอิน คุณสามารถมีกิจกรรมร่วมกับเว็บไซต์ได้ แต่ต้องล็อกอินก่อน ::
  ล็อกอิน

รายการสื่อสารสนเทศ

ลำดับที่ ประเภท เลขเรียก/บาร์โค้ด สถานที่ สถานะ
- ไม่พบข้อมูล -

รายการใกล้เคียง
    ผู้แต่ง [พินิจ ลิ้มสุคนธ์]

BibComment


ยังไม่เคยถูกคอมเมนท์

คอมเมนท์ทรัพยากรรายการนี้
  คอมเมนท์: หมอปากหมา เล่ม 1 ..


 Copyright 2026. Bcnsprnw @Library